000 00545nam a2200229Ia 4500
008 190123s9999 xx 000 0 und d
020 _a9780545312844
050 _bA759 2012
100 _aArnold, Tedd
245 0 _aThere's a fly guy in my soup /
245 0 _cby Tedd Arnold.
260 _aNew York, New York :
260 _bScholastic,
260 _c2012
300 _a30 pages :
300 _bcolored illustrations ;
300 _c23cm.
500 _a460L
650 _aFlies.
650 _aRestaurants.
700 _aTitle.
999 _c361023
_d361023